Pokémon: Fluffeluff-Fakten - Statistiken

Allgemein
  • Dieses Quiz wurde 9 mal gespielt
  • Das Durchschnittsergebnis liegt bei 8 aus 15
Antwortstatistiken
Nummer Frage Antwort % Korrekt
4 Welcher ist Fluffeluffs zweiter Typ? Fee
100%
3 Welcher ist Fluffeluffs erster Typ? Normal
100%
2 Zu welchem Pokémon entwickelt sich Fluffeluff? Pummeluff
100%
6 Welche Aktivität übt Fluffeluff pausenlos? Singen
88%
1 Aus welcher Region stammt Fluffeluff? Johto
75%
10 Auf der Sammelkarte "Welten im Wandel 143" bildet Fluffeluff mit Togepi und einem anderen Pokémon ein Tag Team. Mit welchem? Pii
75%
5 Welche Nummer hat Fluffeluff im National-Dex? 174
63%
7 Was hat Fluffeluff auf der Stirn? Kringel
38%
9 Wo kann man Fluffeluff in Diamant/Perl/Platin fangen? Trophäengarten
38%
14 Welche Arenaleiterin besitzt im Manga ein Fluffeluff namens Fluffa? Bianka
25%
8 Woraus kann Fluffeluff in der Kristall-Edition schlüpfen? Kurios-Ei
25%
11 An welches Essen erinnert Fluffeluff laut Pokédex? Marshmallow
25%
12 Wie heißt Fluffeluff auf Französisch? Toudoudou
25%
15 Neben der Fluffeluff-Reihe gibt es nur zwei weitere Ballon-Pokémon. Driftlon und …? Baldorfish
13%
13 Im Anime hat die Trainerin Brittany zwei Fluffeluff. Grimmelbuff und …? Grimmelbiff
0%
Keine übereinstimmenden Quizze gefunden
Verteilung der Resultate
Anzahl Personen mit jedem Resultat
Perzentil nach korrekt beantworteten Fragen
Ihre Resultats-Entwicklung
Sie haben dieses Quiz noch nicht gespielt